000
00367nam a22001097a 4500
082
_a
340
100
_a
डांगी ,डॉ रतन लाल
_9
83365
245
_a
विविध अपराध अधिनियम
260
_a
रायपुर
_b
राज लॉ पब्लिकेशन
_c
2025
650
_a
विधि
_9
65890
942
_c
C. BOOKS
999
_c
68252
_d
68252